Indonesia Verbs - Statistics

General Stats
  • This quiz has been taken 14 times
  • The average score is 41 of 65
Answer Stats
Hint Answer % Correct
Makan Eat
92%
Suka Like
92%
Tidur Sleep
92%
Nonton Watch
92%
Beli Buy
85%
Minum Drink
85%
Lupa Forget
85%
Pergi Go
85%
Tahu Know
85%
Main Play
85%
Membaca Read
85%
Lihat See
85%
Bicara Speak
85%
Mulai Start
85%
Menulis Write
85%
Datang Come
77%
Masak Cook
77%
Punya Have
77%
Bikin/buat Make
77%
Perlu/butuh Need
77%
Buka Open
77%
Bayar Pay
77%
Lari Run
77%
Jual Sell
77%
Kirim Send
77%
Duduk Sit
77%
Berpikir Think
77%
Jalan Walk
77%
Kerja Work
77%
Setuju Agree
69%
Mandi Bath
69%
Panggil Call
69%
Bisa Can
69%
Tutup Close
69%
Berdiri Stand
69%
Ambil Take
69%
Mengajar Teach
69%
Bangun Wake
69%
Mau Want
69%
Cuci Wash
69%
Bawa Bring
62%
Selasai Finish
62%
Membantu Help
62%
Belajar Learn
62%
Dengar Listen
62%
Tinggal Live
62%
Ingat Remember
62%
Muncul Appear
54%
Masuk Enter
54%
Keluar Exit
54%
Menyetir Drive
46%
Pesan Order
46%
Sampai Arrive
38%
Kembali Return
38%
Mengunjungi Visit
38%
Dapat Get
31%
Taruh Put
23%
Minta Ask for
15%
Naik Ride
15%
Bepergian Travel
15%
Pulang Go back
8%
Lepas Take off
8%
Terima Receive, accept
0%
Cium Smell, kiss
0%
Pakai Use, wear
0%
No matching quizzes found
Score Distribution
Percent of People with Each Score
Percentile by Number Answered
Your Score History
You have not taken this quiz